[Event "BIH-chT1 30th"]
[Site "Gorazde"]
[Date "2023.08.28"]
[Round "5.2"]
[White "Vajic, Goran"]
[Black "Muratovic, Efim"]
[Result "1/2-1/2"]
[WhiteElo "2302"]
[BlackElo "2304"]
[PlyCount "101"]
[EventDate "2023.08.26"]
[EventType "team-tourn"]
[EventRounds "9"]
[EventCountry "BIH"]
[SourceTitle "EXT 2024"]
[Source "ChessBase"]
[SourceDate "2023.10.10"]
[SourceVersion "1"]
[SourceVersionDate "2023.10.10"]
[SourceQuality "1"]

1. e4 e5 2. Nf3 Nf6 3. Nxe5 d6 4. Nf3 Nxe4 5. Nc3 Nxc3 6. dxc3 Be7 7. Be3 Bf5 8. Bd3 Qd7 9. Nd4 Bxd3 10. Qxd3 0-0 11. 0-0-0 Re8 12. h4 Nc6 13. Nxc6 Qxc6 14. h5 h6 15. g4 Qf3 16. Qd2 Bf6 17. Rhg1 Bh4 18. Qd5 Qxd5 19. Rxd5 Re4 20. Rd4 Rxe3 21. fxe3 Bf2 22. Rg2 Bxe3+ 23. Kd1 Bxd4 24. cxd4 Re8 25. Kd2 g6 26. Kd3 Kg7 27. Rg1 d5 28. c4 dxc4+ 29. Kxc4 Re2 30. Kc3 c6 31. a4 Rh2 32. hxg6 fxg6 33. g5 hxg5 34. Rxg5 Kf6 35. Rg1 g5 36. b4 a6 37. b5 axb5 38. axb5 Rf2 39. bxc6 bxc6 40. Kd3 Kf5 41. Rc1 g4 42. Rxc6 g3 43. Rc8 g2 44. Rg8 Kf4 45. Kc4 Kf3 46. d5 Rf1 47. d6 g1Q 48. Rxg1 Rxg1 49. Kd5 Kf4 50. d7 Kf5 51. Kd6 1/2-1/2

[Event "Titled Tuesday intern op 07th Feb Early"]
[Site "Chess.com INT"]
[Date "2023.02.07"]
[Round "3"]
[White "Mastrovasilis, Athanasios"]
[Black "Vajic, Goran"]
[Result "1-0"]
[WhiteElo "2520"]
[BlackElo "2302"]
[PlyCount "57"]
[EventDate "2023.02.07"]
[EventType "swiss (blitz)"]
[EventRounds "11"]
[EventCountry "USA"]
[SourceTitle "EXT 2024"]
[Source "ChessBase"]
[SourceDate "2023.10.10"]
[SourceVersion "1"]
[SourceVersionDate "2023.10.10"]
[SourceQuality "1"]

1. d4 Nf6 2. c4 g6 3. Nc3 Bg7 4. Nf3 0-0 5. h4 h5 6. Bg5 d6 7. e3 Bg4 8. Qc2 Nc6 9. 0-0-0 Nh7 10. Bf4 Bxf3 11. gxf3 e5 12. dxe5 Nxe5 13. Ne4 Nxf3 14. Be2 Nxh4 15. Rdg1 Nf5 16. Bxh5 Nf6 17. Bf3 Nxe4 18. Bxe4 Ne7 19. Bh6 Bxh6 20. Rxh6 f5 21. Bd5+ Nxd5 22. Rgxg6+ Kf7 23. Qxf5+ Ke8 24. Qxd5 Qd7 25. Re6+ Kd8 26. Rxd6 cxd6 27. Rxd6 Rf7 28. Rxd7+ Rxd7 29. Qg8+ 1-0

[Event "Titled Tuesday intern op 17th Jan Early"]
[Site "Chess.com INT"]
[Date "2023.01.17"]
[Round "1"]
[White "Moroni, Luca Jr"]
[Black "Vajic, Goran"]
[Result "1-0"]
[WhiteElo "2576"]
[BlackElo "2302"]
[PlyCount "77"]
[EventDate "2023.01.17"]
[EventType "swiss (blitz)"]
[EventRounds "11"]
[EventCountry "USA"]
[SourceTitle "CBM 212 Extra"]
[Source "ChessBase"]
[SourceDate "2023.03.31"]
[SourceVersion "1"]
[SourceVersionDate "2023.03.31"]
[SourceQuality "1"]

1. d4 Nf6 2. Nf3 g6 3. Nc3 Bg7 4. e4 d6 5. Be3 0-0 6. Qd2 Nc6 7. 0-0-0 Bg4 8. Be2 Bxf3 9. Bxf3 e5 10. dxe5 Nxe5 11. Be2 Neg4 12. Bxg4 Nxg4 13. Bd4 Bxd4 14. Qxd4 Qf6 15. Qxf6 Nxf6 16. f3 a6 17. Rhe1 Rfe8 18. b3 Rad8 19. a4 Kf8 20. g3 c6 21. Re2 Rd7 22. Red2 Red8 23. a5 Ke7 24. Na4 g5 25. Nb6 Rc7 26. c4 g4 27. e5 Ne8 28. fxg4 d5 29. Kb2 Kf8 30. cxd5 cxd5 31. Rxd5 Rxd5 32. Rxd5 Ng7 33. Rd7 Ne6 34. Rxc7 Nxc7 35. Nd7+ Ke7 36. Nc5 h6 37. b4 Nd5 38. Kb3 Ne3 39. h3 1-0

[Event "Titled Tuesday intern op 17th Jan Early"]
[Site "Chess.com INT"]
[Date "2023.01.17"]
[Round "9"]
[White "Vajic, Goran"]
[Black "Bas Mas, Jose Joaquin"]
[Result "1-0"]
[WhiteElo "2302"]
[BlackElo "2241"]
[PlyCount "97"]
[EventDate "2023.01.17"]
[EventType "swiss (blitz)"]
[EventRounds "11"]
[EventCountry "USA"]
[SourceTitle "CBM 212 Extra"]
[Source "ChessBase"]
[SourceDate "2023.03.31"]
[SourceVersion "1"]
[SourceVersionDate "2023.03.31"]
[SourceQuality "1"]

1. e4 Nf6 2. e5 Nd5 3. d4 d6 4. Nf3 dxe5 5. dxe5 Bg4 6. Bc4 e6 7. 0-0 Nc6 8. Re1 Bc5 9. h3 h5 10. a3 Qe7 11. b4 Bb6 12. Bxd5 0-0-0 13. c4 exd5 14. c5 Bxc5 15. bxc5 Qxc5 16. Bf4 g5 17. Bxg5 Rdg8 18. h4 Bxf3 19. Qxf3 Nd4 20. Qh3+ Kb8 21. Nd2 Ne6 22. Rec1 Nxg5 23. hxg5 Qe7 24. Nf3 h4 25. a4 Rd8 26. Rab1 d4 27. Rd1 d3 28. Qf5 Qa3 29. Kh2 h3 30. gxh3 Rhe8 31. Qe4 b6 32. Rd2 Qc5 33. Rbd1 Rd5 34. Kg2 Rdxe5 35. Nxe5 Rxe5 36. Qxd3 Qc6+ 37. Kh2 Rxg5 38. f3 Qg6 39. Qxg6 Rxg6 40. Rd8+ Kb7 41. R1d7 Rf6 42. Re7 Rxf3 43. Rdd7 a5 44. Rxc7+ Kb8 45. Rcd7 Kc8 46. Rxf7 Rxf7 47. Rxf7 Kd8 48. Rg7 Ke8 49. Rb7 1-0

[Event "Titled Tuesday intern op 17th Jan Early"]
[Site "Chess.com INT"]
[Date "2023.01.17"]
[Round "2"]
[White "Vajic, Goran"]
[Black "Garrido, Denis"]
[Result "1-0"]
[WhiteElo "2302"]
[BlackElo "2205"]
[PlyCount "93"]
[EventDate "2023.01.17"]
[EventType "swiss (blitz)"]
[EventRounds "11"]
[EventCountry "USA"]
[SourceTitle "CBM 212 Extra"]
[Source "ChessBase"]
[SourceDate "2023.03.31"]
[SourceVersion "1"]
[SourceVersionDate "2023.03.31"]
[SourceQuality "1"]

1. e4 e5 2. Nf3 Nc6 3. d4 exd4 4. Bc4 Nf6 5. e5 d5 6. Bb5 Ne4 7. Nxd4 Bd7 8. Bxc6 bxc6 9. 0-0 Bc5 10. f3 Ng5 11. f4 Ne4 12. Be3 Qb8 13. Nd2 Qxb2 14. N2b3 Bb6 15. Kh1 c5 16. Nf3 d4 17. Bc1 Qc3 18. Nfd2 Bc6 19. Qg4 0-0 20. f5 Qxc2 21. f6 g6 22. Qh4 h5 23. Re1 Nxd2 24. Bxd2 Qf5 25. Rac1 Rfe8 26. Nxc5 Rxe5 27. Rxe5 Qxe5 28. Nd3 Bxg2+ 29. Kxg2 Qe2+ 30. Qf2 Qxd3 31. Qf4 g5 32. Qxg5+ Qg6 33. h4 Re8 34. Kf3 Qxg5 35. Bxg5 Kh7 36. Rg1 d3 37. Rg2 Re1 38. Bd2 Ra1 39. Rg7+ Kh8 40. Rxf7 Rxa2 41. Bh6 Rf2+ 42. Ke4 d2 43. Bg7+ Kh7 44. Rd7 Re2+ 45. Kf3 Re3+ 46. Kf4 Re8 47. f7 1-0

[Event "Titled Tuesday intern op 06th Dec Early"]
[Site "Chess.com INT"]
[Date "2022.12.06"]
[Round "2"]
[White "Toshali, V."]
[Black "Vajic, Goran"]
[Result "0-1"]
[WhiteElo "2073"]
[BlackElo "2302"]
[PlyCount "118"]
[EventDate "2022.12.06"]
[EventType "swiss (blitz)"]
[EventRounds "11"]
[EventCountry "USA"]
[SourceTitle "CBM 211 Extra"]
[Source "ChessBase"]
[SourceDate "2023.01.31"]
[SourceVersion "1"]
[SourceVersionDate "2023.01.31"]
[SourceQuality "1"]

1. d4 Nf6 2. Nf3 g6 3. Bg5 Bg7 4. Nbd2 d5 5. e3 0-0 6. Be2 h6 7. Bh4 Nbd7 8. 0-0 c5 9. c3 b6 10. Bg3 Nh5 11. Bh4 Nhf6 12. Ne5 Nxe5 13. dxe5 Ne8 14. Nf3 Bb7 15. Qc2 Qc7 16. e6 f5 17. Bg3 Qc6 18. c4 Qxe6 19. cxd5 Bxd5 20. Rfd1 Rd8 21. a4 Bb3 22. Qc1 Rxd1+ 23. Bxd1 Bxd1 24. Qxd1 Bxb2 25. Rb1 Bf6 26. a5 bxa5 27. Qa4 Nd6 28. Qxa5 c4 29. Qxa7 c3 30. Rc1 Ne4 31. Nd4 Bxd4 32. Qxd4 Rc8 33. f3 Nxg3 34. hxg3 c2 35. Qb2 Qxe3+ 36. Kh2 Qc3 37. Qxc3 Rxc3 38. Kg1 Kf7 39. Kf2 e5 40. Ke2 Ke6 41. Kd2 Rc7 42. Rxc2 Rxc2+ 43. Kxc2 Kd5 44. Kd3 e4+ 45. Ke3 Ke5 46. Ke2 Kd4 47. Kd2 g5 48. Ke2 e3 49. f4 g4 50. Ke1 Kd3 51. Kd1 h5 52. Ke1 e2 53. Kf2 Kd2 54. Kg1 e1Q+ 55. Kh2 Qe4 56. Kg1 Ke2 57. Kh2 Kf2 58. Kh1 Qb1+ 59. Kh2 Qg1# 0-1

[Event "Titled Tuesday intern op 29th Nov Early"]
[Site "Chess.com INT"]
[Date "2022.11.29"]
[Round "5"]
[White "Vajic, Goran"]
[Black "Atakhan, Abtin"]
[Result "1-0"]
[WhiteElo "2302"]
[BlackElo "2370"]
[PlyCount "71"]
[EventDate "2022.11.29"]
[EventType "swiss (blitz)"]
[EventRounds "11"]
[EventCountry "USA"]
[SourceTitle "EXT 2024"]
[Source "ChessBase"]
[SourceDate "2023.10.10"]
[SourceVersion "1"]
[SourceVersionDate "2023.10.10"]
[SourceQuality "1"]

1. e4 c5 2. Nc3 Nc6 3. f4 g6 4. Nf3 Bg7 5. Bb5 Nd4 6. 0-0 a6 7. Bc4 d6 8. d3 e6 9. Nxd4 cxd4 10. Ne2 Ne7 11. Bb3 0-0 12. Qe1 b5 13. Qf2 Qb6 14. Bd2 Rb8 15. Ng3 Bd7 16. f5 exf5 17. Bg5 Nc6 18. exf5 Ne5 19. f6 Bh8 20. Rae1 a5 21. a3 Qc7 22. h3 a4 23. Ba2 Bc8 24. Bh6 Re8 25. Ne4 Be6 26. Bxe6 Rxe6 27. Re2 Rbe8 28. Qh4 d5 29. Ng5 Rxf6 30. Rxf6 Bxf6 31. Rf2 Qd8 32. Qg3 Nd7 33. h4 Re1+ 34. Rf1 Qe8 35. Rxe1 Qd8 36. Qd6 1-0

[Event "Titled Tuesday intern op 29th Nov Early"]
[Site "Chess.com INT"]
[Date "2022.11.29"]
[Round "3"]
[White "Vajic, Goran"]
[Black "Wang, Jalen"]
[Result "1-0"]
[WhiteElo "2302"]
[BlackElo "2138"]
[PlyCount "115"]
[EventDate "2022.11.29"]
[EventType "swiss (blitz)"]
[EventRounds "11"]
[EventCountry "USA"]
[SourceTitle "EXT 2024"]
[Source "ChessBase"]
[SourceDate "2023.10.10"]
[SourceVersion "1"]
[SourceVersionDate "2023.10.10"]
[SourceQuality "1"]

1. e4 c5 2. Nc3 e6 3. f4 d5 4. Bb5+ Nc6 5. Bxc6+ bxc6 6. e5 h5 7. Nf3 Nh6 8. d3 Nf5 9. 0-0 Qb6 10. Na4 Qb5 11. b3 c4 12. Kh1 h4 13. dxc4 dxc4 14. Nd4 Nxd4 15. Qxd4 cxb3 16. Rd1 Be7 17. axb3 h3 18. Ba3 hxg2+ 19. Kxg2 c5 20. Nxc5 Bb7+ 21. Nxb7 Qxb7+ 22. Kg1 Rd8 23. Qa4+ Rd7 24. Qxd7+ Qxd7 25. Rxd7 Bxa3 26. Rxa3 Kxd7 27. Rxa7+ Kc6 28. Rxf7 Kd5 29. Kg2 Ke4 30. Kg3 Rc8 31. Rxg7 Rc3+ 32. Kg4 Rxc2 33. Rf7 Rxh2 34. Kg5 Rb2 35. Kf6 Kxf4 36. Kxe6+ Ke4 37. Rb7 Rh2 38. Rb4+ Kd3 39. Kd6 Kc3 40. Rb8 Kd4 41. e6 Rh6 42. Kd7 Kc5 43. b4+ Kd5 44. e7 Rd6+ 45. Ke8 Rf6 46. Rb5+ Kc6 47. Rc5+ Kd6 48. Ra5 Kc7 49. Rc5+ Kd6 50. Kd8 Rg6 51. e8Q Rg8 52. Rc6+ Kd5 53. Qxg8+ Kxc6 54. Qc4+ Kb7 55. Qc5 Ka6 56. Kd7 Kb7 57. Qb5+ Ka8 58. Kc7 1-0

[Event "Sarajevo Bosna op 49th"]
[Site "Sarajevo"]
[Date "2019.05.03"]
[Round "9"]
[White "Vajic, Goran"]
[Black "Zenelaj, Samuel"]
[Result "1-0"]
[WhiteElo "2280"]
[BlackElo "1916"]
[PlyCount "75"]
[EventDate "2019.04.27"]
[EventType "swiss"]
[EventRounds "9"]
[EventCountry "BIH"]
[SourceTitle "CBM 190 Extra"]
[Source "ChessBase"]
[SourceDate "2019.07.15"]
[SourceVersion "1"]
[SourceVersionDate "2019.07.15"]
[SourceQuality "1"]

1. e4 e5 2. Nf3 Nc6 3. d4 exd4 4. Bc4 Nf6 5. e5 d5 6. Bb5 Nd7 7. 0-0 Be7 8. Re1 0-0 9. Nbd2 Ndb8 10. Nb3 Bg4 11. h3 Bh5 12. g4 Bg6 13. Nbxd4 Nxd4 14. Nxd4 Bc5 15. c3 Qh4 16. Bf1 f5 17. exf6 Qxf6 18. Be3 c6 19. Bg2 Nd7 20. f4 Bd6 21. f5 Bf7 22. Qd2 Bc7 23. Bf4 Bxf4 24. Qxf4 Nc5 25. g5 Qd8 26. Qg3 Ne4 27. Bxe4 dxe4 28. Rxe4 Bd5 29. Re3 Qb6 30. f6 Rae8 31. g6 Rxe3 32. gxh7+ Kf7 33. Qxg7+ Ke8 34. Qxf8+ Kxf8 35. h8Q+ Kf7 36. Qg7+ Ke8 37. Rf1 Bf7 38. Qg5 1-0

[Event "Sarajevo Bosna op 49th"]
[Site "Sarajevo"]
[Date "2019.05.02"]
[Round "8"]
[White "Dizdarevic, Emir"]
[Black "Vajic, Goran"]
[Result "1-0"]
[WhiteElo "2423"]
[BlackElo "2280"]
[PlyCount "93"]
[EventDate "2019.04.27"]
[EventType "swiss"]
[EventRounds "9"]
[EventCountry "BIH"]
[SourceTitle "CBM 190 Extra"]
[Source "ChessBase"]
[SourceDate "2019.07.15"]
[SourceVersion "1"]
[SourceVersionDate "2019.07.15"]
[SourceQuality "1"]

1. Nf3 Nf6 2. b3 g6 3. Bb2 Bg7 4. d4 0-0 5. e3 d6 6. Be2 a5 7. 0-0 Nc6 8. c4 Bf5 9. d5 Nb4 10. Nd4 Bd7 11. Bf3 Qc8 12. Nc3 Bg4 13. Bxg4 Nxg4 14. Qe2 Nh6 15. Rad1 e5 16. dxe6 fxe6 17. a3 Nc6 18. Ndb5 Qd8 19. Ne4 Qh4 20. Bxg7 Kxg7 21. f4 Qe7 22. Rf2 Rae8 23. Qb2+ Kg8 24. Nbc3 Ng4 25. Rf3 Nf6 26. Ng5 h6 27. Nh3 Qg7 28. Qc2 Kh7 29. Rdf1 Ne7 30. Nf2 Nd7 31. Nb5 Rc8 32. Rh3 Kg8 33. Nd4 Nc5 34. Ne4 Nf5 35. Nxc5 Nxd4 36. exd4 dxc5 37. dxc5 Rf5 38. Qe4 Re8 39. b4 axb4 40. axb4 g5 41. Rhf3 g4 42. Ra3 Qf7 43. h3 e5 44. Rg3 exf4 45. Rxg4+ Kh8 46. Qd4+ Qf6 47. Rfxf4 1-0

[Event "BIH-ch 12th"]
[Site "Lukavac"]
[Date "2018.12.15"]
[Round "4"]
[White "Vajic, Goran"]
[Black "Imamovic, Smail"]
[Result "1-0"]
[WhiteElo "2306"]
[BlackElo "1873"]
[PlyCount "25"]
[EventDate "2018.12.13"]
[EventType "swiss"]
[EventRounds "7"]
[EventCountry "BIH"]
[SourceTitle "CBM 187 Extra"]
[Source "ChessBase"]
[SourceDate "2018.11.04"]
[SourceVersion "1"]
[SourceVersionDate "2018.11.04"]
[SourceQuality "1"]

1. e4 e5 2. Nf3 Nc6 3. d4 exd4 4. Bc4 Be7 5. c3 Nf6 6. e5 Ne4 7. Bd5 Ng5 8. Nxg5 Bxg5 9. Qh5 Qe7 10. Qxg5 dxc3 11. Qxg7 Rf8 12. Nxc3 Nb4 13. 0-0 1-0

[Event "BIH-chT1"]
[Site "Bosanska Krupa"]
[Date "2018.08.30"]
[Round "9"]
[White "Pastar, Slaven"]
[Black "Vajic, Goran"]
[Result "1/2-1/2"]
[WhiteElo "2307"]
[BlackElo "2280"]
[PlyCount "24"]
[EventDate "2018.08.25"]
[EventType "tourn"]
[EventRounds "9"]
[EventCountry "BIH"]
[SourceTitle "CBM 186 Extra"]
[Source "ChessBase"]
[SourceDate "2018.08.24"]
[SourceVersion "1"]
[SourceVersionDate "2018.08.24"]
[SourceQuality "1"]

1. c4 Nf6 2. Nc3 g6 3. g3 Bg7 4. Bg2 d6 5. d3 0-0 6. Nf3 e5 7. 0-0 Nc6 8. Rb1 a6 9. b4 Bd7 10. a4 Ne7 11. b5 axb5 12. axb5 c6 1/2-1/2

[Event "BIH-chT1"]
[Site "Bosanska Krupa"]
[Date "2018.08.28"]
[Round "5"]
[White "Vajic, Goran"]
[Black "Hadzovic, Amir"]
[Result "1/2-1/2"]
[WhiteElo "2280"]
[BlackElo "2245"]
[PlyCount "69"]
[EventDate "2018.08.25"]
[EventType "tourn"]
[EventRounds "9"]
[EventCountry "BIH"]
[SourceTitle "CBM 186 Extra"]
[Source "ChessBase"]
[SourceDate "2018.08.24"]
[SourceVersion "1"]
[SourceVersionDate "2018.08.24"]
[SourceQuality "1"]

1. e4 e5 2. Nf3 Nc6 3. d4 exd4 4. Bc4 Nf6 5. e5 d5 6. Bb5 Ne4 7. Nxd4 Bc5 8. 0-0 0-0 9. Bxc6 bxc6 10. Be3 Qe8 11. f3 Nf6 12. Bf2 Qxe5 13. Re1 Qh5 14. Nd2 Ba6 15. Nf1 Bxf1 16. Rxf1 Bd6 17. Bg3 c5 18. Nc6 d4 19. Bxd6 cxd6 20. c3 Nd5 21. Qb3 Ne3 22. Rf2 c4 23. Qb4 d3 24. Qxd6 Rfe8 25. Nd4 Rad8 26. Qc6 Re7 27. b3 Rde8 28. Re1 h6 29. bxc4 Qa5 30. Nb3 Qxc3 31. Rd2 Nxc4 32. Rxe7 Rxe7 33. Qc8+ Kh7 34. Qf5+ g6 35. Qxd3 1/2-1/2

[Event "BIH-chT1"]
[Site "Bosanska Krupa"]
[Date "2018.08.26"]
[Round "2"]
[White "Mrkonjic, Nenad"]
[Black "Vajic, Goran"]
[Result "1/2-1/2"]
[WhiteElo "2352"]
[BlackElo "2280"]
[PlyCount "34"]
[EventDate "2018.08.25"]
[EventType "tourn"]
[EventRounds "9"]
[EventCountry "BIH"]
[SourceTitle "CBM 186 Extra"]
[Source "ChessBase"]
[SourceDate "2018.08.24"]
[SourceVersion "1"]
[SourceVersionDate "2018.08.24"]
[SourceQuality "1"]

1. d4 f5 2. g3 Nf6 3. Bg2 e6 4. Nf3 d5 5. Bf4 Bd6 6. Bxd6 Qxd6 7. 0-0 Nbd7 8. Qd3 0-0 9. Qa3 b6 10. c4 Bb7 11. cxd5 Bxd5 12. Qxd6 cxd6 13. Nc3 Bxf3 14. Bxf3 d5 15. Nb5 Kf7 16. e3 a6 17. Nc3 Ne4 1/2-1/2

[Event "BIH-chT1"]
[Site "Bosanska Krupa"]
[Date "2018.08.25"]
[Round "1"]
[White "Vajic, Goran"]
[Black "Avdic, Mirza"]
[Result "1-0"]
[WhiteElo "2280"]
[BlackElo "2205"]
[PlyCount "81"]
[EventDate "2018.08.25"]
[EventType "tourn"]
[EventRounds "9"]
[EventCountry "BIH"]
[SourceTitle "CBM 186 Extra"]
[Source "ChessBase"]
[SourceDate "2018.08.24"]
[SourceVersion "1"]
[SourceVersionDate "2018.08.24"]
[SourceQuality "1"]

1. e4 e6 2. d4 d5 3. Nc3 dxe4 4. Nxe4 Bd7 5. Nf3 Bc6 6. Ng3 Nd7 7. Be2 Ngf6 8. 0-0 Bd6 9. b3 0-0 10. Bb2 Bxf3 11. Bxf3 c6 12. c4 Qa5 13. Qc2 Ba3 14. Rad1 Bxb2 15. Qxb2 Rad8 16. Rfe1 Rfe8 17. h3 Qc7 18. Rd2 Nf8 19. Red1 Ng6 20. Ne4 Qf4 21. Nxf6+ Qxf6 22. Qa3 a6 23. Qb4 Rd7 24. d5 cxd5 25. cxd5 e5 26. d6 Nf4 27. Bg4 Qg6 28. Qxf4 exf4 29. Bxd7 f3 30. Bg4 f5 31. Bxf3 b6 32. d7 Rd8 33. Rd6 Qg5 34. Rxb6 Qf4 35. Rc6 Kf7 36. Rc8 Ke7 37. Rxd8 Kxd8 38. Bc6 Qc7 39. Ba4 Qc2 40. Re1 Kc7 41. g3 1-0

[Event "Sarajevo Bosna op 48th"]
[Site "Sarajevo"]
[Date "2018.05.09"]
[Round "7"]
[White "Vajic, Goran"]
[Black "Tratar, Marko"]
[Result "0-1"]
[WhiteElo "2294"]
[BlackElo "2456"]
[PlyCount "184"]
[EventDate "2018.05.05"]
[EventType "swiss"]
[EventRounds "9"]
[EventCountry "BIH"]
[SourceTitle "CBM 184 Extra"]
[Source "ChessBase"]
[SourceDate "2018.06.28"]
[SourceVersion "1"]
[SourceVersionDate "2018.06.28"]
[SourceQuality "1"]

1. e4 e6 2. Nc3 d5 3. d4 dxe4 4. Nxe4 Bd7 5. Nf3 Bc6 6. Bd3 Nd7 7. 0-0 Ngf6 8. Ng3 g6 9. b3 Bg7 10. Ba3 Bf8 11. Bb2 Bg7 12. c4 0-0 13. Qe2 Bxf3 14. Qxf3 c6 15. Rad1 a5 16. Ba3 Re8 17. Bd6 Bf8 18. Be5 Bg7 19. Bc2 Qe7 20. Bf4 Qa3 21. Bc1 Qf8 22. Rfe1 Bh6 23. Bb2 Bg7 24. Nf1 Qd6 25. a4 Nh5 26. g4 Qf4 27. Qxf4 Nxf4 28. h4 e5 29. Ne3 exd4 30. Bxd4 Rad8 31. Bxg7 Kxg7 32. Ng2 Rxe1+ 33. Nxe1 Ne6 34. Nd3 Ndc5 35. Nxc5 Rxd1+ 36. Bxd1 Nxc5 37. Kg2 Kf6 38. f4 h6 39. Kf3 Ke6 40. Ke3 Kd6 41. Bc2 b6 42. Bd1 f6 43. Kd4 Ne6+ 44. Ke4 Ng7 45. Be2 f5+ 46. Ke3 Kc5 47. Bd3 h5 48. gxf5 Nxf5+ 49. Bxf5 gxf5 50. Kd3 Kb4 51. Kd4 Kxb3 52. Ke5 Kxa4 53. Kxf5 Kb3 54. c5 bxc5 55. Kg6 a4 56. f5 a3 57. f6 a2 58. f7 a1Q 59. f8Q Qe5 60. Qf3+ Kb4 61. Qxc6 c4 62. Qb6+ Kc3 63. Qb1 Kd2 64. Qa2+ Kd3 65. Qb1+ Kd4 66. Qb6+ Qc5 67. Qf6+ Ke4 68. Qc3 Qf5+ 69. Kh6 Qf4+ 70. Kg6 Qg4+ 71. Kh6 Qe2 72. Qb4 Kf4 73. Qd6+ Kg4 74. Qd4+ Kg3 75. Qf6 Kg2 76. Qc3 Qd3 77. Qg7+ Kh3 78. Qg1 c3 79. Qh1+ Kg3 80. Qg1+ Kf3 81. Qh1+ Ke2 82. Qg2+ Kd1 83. Qg1+ Kc2 84. Qa7 Kb2 85. Qb6+ Kc1 86. Qg1+ Qd1 87. Qg5+ Qd2 88. Kxh5 c2 89. Qb5 Qf4 90. Qa5 Kd1 91. Qd5+ Ke1 92. Qa5+ Qd2 0-1

[Event "Sarajevo Bosna op 48th"]
[Site "Sarajevo"]
[Date "2018.05.08"]
[Round "5"]
[White "Vajic, Goran"]
[Black "Krishna, C Revanth Gopala"]
[Result "0-1"]
[WhiteElo "2294"]
[BlackElo "2416"]
[PlyCount "66"]
[EventDate "2018.05.05"]
[EventType "swiss"]
[EventRounds "9"]
[EventCountry "BIH"]
[SourceTitle "CBM 184 Extra"]
[Source "ChessBase"]
[SourceDate "2018.06.28"]
[SourceVersion "1"]
[SourceVersionDate "2018.06.28"]
[SourceQuality "1"]

1. e4 e6 2. d4 d5 3. Nc3 Bb4 4. e5 c5 5. Bd2 Ne7 6. dxc5 Nbc6 7. Qg4 Ng6 8. Nf3 Bxc5 9. Qh5 Qb6 10. 0-0-0 Bxf2 11. Kb1 Bd7 12. Bd3 Nb4 13. Bxg6 fxg6 14. Qg4 Rc8 15. Rhf1 Rc4 16. Qh3 0-0 17. a3 Nxc2 18. Kxc2 d4 19. Nxd4 Rxd4 20. Kb1 Qa6 21. Bg5 h6 22. Be7 Rf7 23. Bd8 Qc4 24. Rxd4 Bxd4 25. Rxf7 Kxf7 26. Qf3+ Ke8 27. Ba5 Bc6 28. Qg4 Kf7 29. Kc2 Ba4+ 30. Kb1 Qd3+ 31. Ka2 Bc6 32. Qf4+ Kg8 33. Qg4 Bxc3 0-1

[Event "Sarajevo Bosna op 48th"]
[Site "Sarajevo"]
[Date "2018.05.07"]
[Round "4"]
[White "Herega, Nejc"]
[Black "Vajic, Goran"]
[Result "0-1"]
[WhiteElo "1600"]
[BlackElo "2294"]
[PlyCount "88"]
[EventDate "2018.05.05"]
[EventType "swiss"]
[EventRounds "9"]
[EventCountry "BIH"]
[SourceTitle "CBM 184 Extra"]
[Source "ChessBase"]
[SourceDate "2018.06.28"]
[SourceVersion "1"]
[SourceVersionDate "2018.06.28"]
[SourceQuality "1"]

1. d4 Nf6 2. c4 g6 3. Nc3 Bg7 4. e4 d6 5. Nf3 0-0 6. Bg5 h6 7. Bh4 Nbd7 8. Be2 c5 9. d5 g5 10. Bg3 Nh5 11. Qd3 a6 12. Qc2 b5 13. cxb5 axb5 14. Bxb5 Ba6 15. Bxa6 Rxa6 16. 0-0 Qb6 17. a4 Nxg3 18. hxg3 Qb4 19. Rfc1 Rb8 20. Ra2 Ne5 21. Nxe5 Bxe5 22. b3 Bxc3 23. Qxc3 Qxb3 24. Qxb3 Rxb3 25. f3 Kg7 26. Rc4 Kf6 27. Kf2 e6 28. dxe6 fxe6 29. f4 Ra5 30. Rd2 Rb6 31. Kf3 Rba6 32. Rdc2 Rxa4 33. e5+ dxe5 34. fxg5+ hxg5 35. Rxc5 Ra3+ 36. Kf2 Ra2 37. R5c4 Rxc2+ 38. Rxc2 Kf5 39. Rc4 e4 40. Ke3 Ra3+ 41. Kf2 Ra2+ 42. Kf1 Rd2 43. g4+ Kf4 44. g3+ Kf3 0-1

[Event "BIH-chT2"]
[Site "Bosna"]
[Date "2017.08.28"]
[Round "6.1"]
[White "Sutkovic, Damir"]
[Black "Vajic, Goran"]
[Result "1/2-1/2"]
[WhiteElo "2339"]
[BlackElo "2299"]
[PlyCount "44"]
[EventDate "2017.08.25"]
[EventType "team-tourn"]
[EventRounds "9"]
[EventCountry "BIH"]
[SourceTitle "EXT 2019"]
[Source "ChessBase"]
[SourceDate "2018.10.10"]
[SourceVersion "1"]
[SourceVersionDate "2018.10.10"]
[SourceQuality "1"]

1. d4 Nf6 2. c4 g6 3. Nc3 Bg7 4. e4 d6 5. f3 0-0 6. Be3 Nfd7 7. Qd2 c5 8. Nge2 Nc6 9. d5 Nce5 10. Ng3 h5 11. Be2 Qa5 12. Rc1 a6 13. 0-0 b5 14. cxb5 axb5 15. Bxb5 Ba6 16. Bxa6 Rxa6 17. b3 c4 18. Nge2 Rc8 19. Na4 Nd3 20. Rc2 Nb4 21. Rcc1 Nd3 22. Rc2 Nb4 1/2-1/2

[Event "BIH-chT2"]
[Site "Bosna"]
[Date "2017.08.27"]
[Round "5.5"]
[White "Savic, Miodrag R"]
[Black "Vajic, Goran"]
[Result "1-0"]
[WhiteElo "2507"]
[BlackElo "2299"]
[PlyCount "71"]
[EventDate "2017.08.25"]
[EventType "team-tourn"]
[EventRounds "9"]
[EventCountry "BIH"]
[SourceTitle "EXT 2019"]
[Source "ChessBase"]
[SourceDate "2018.10.10"]
[SourceVersion "1"]
[SourceVersionDate "2018.10.10"]
[SourceQuality "1"]

1. e4 e5 2. Nf3 Nf6 3. Nxe5 d6 4. Nf3 Nxe4 5. d3 Nf6 6. d4 Be7 7. Bd3 Bg4 8. Nbd2 0-0 9. c3 c5 10. h3 Bh5 11. Qc2 Bg6 12. Bxg6 hxg6 13. Qb3 b6 14. 0-0 Nc6 15. dxc5 dxc5 16. Nc4 Qc7 17. Re1 Bd6 18. Bg5 Bf4 19. Bxf4 Qxf4 20. Qa4 Qc7 21. Rad1 a6 22. Ne3 Rfe8 23. Qh4 Re4 24. Ng4 Rxe1+ 25. Rxe1 Nxg4 26. hxg4 f6 27. g5 Qf7 28. Qe4 Rc8 29. gxf6 gxf6 30. Nh4 Kg7 31. Qg4 f5 32. Qe2 b5 33. Qe6 Rc7 34. Qd6 Na7 35. Re6 Rc6 36. Qe5+ 1-0

[Event "BIH-chT2"]
[Site "Bosna"]
[Date "2017.08.27"]
[Round "4.2"]
[White "Vajic, Goran"]
[Black "Rogic, Davor"]
[Result "1-0"]
[WhiteElo "2299"]
[BlackElo "2511"]
[PlyCount "75"]
[EventDate "2017.08.25"]
[EventType "team-tourn"]
[EventRounds "9"]
[EventCountry "BIH"]
[SourceTitle "EXT 2019"]
[Source "ChessBase"]
[SourceDate "2018.10.10"]
[SourceVersion "1"]
[SourceVersionDate "2018.10.10"]
[SourceQuality "1"]

1. e4 e5 2. Nf3 Nc6 3. d4 exd4 4. Bc4 Bc5 5. c3 Nf6 6. cxd4 Bb4+ 7. Bd2 Nxe4 8. Bxb4 Nxb4 9. Bxf7+ Kxf7 10. Qb3+ d5 11. Qxb4 Rf8 12. Nc3 Kg8 13. Qb3 Nxc3 14. Qxc3 Qf6 15. 0-0 Bg4 16. Ne5 Be2 17. Nd7 Qf7 18. Nxf8 Bxf1 19. Nxh7 Bxg2 20. Ng5 Qf6 21. Qe3 Be4 22. f3 Bf5 23. Re1 Rf8 24. Kf2 c5 25. dxc5 Qxb2+ 26. Re2 Qf6 27. Rd2 Rd8 28. Rd4 Bg6 29. h4 Re8 30. Qd2 Qe5 31. Kg2 Rd8 32. a4 Bf5 33. Ne4 Be6 34. Qg5 Qc7 35. Nf6+ Kf8 36. Rf4 Bf7 37. Nh5 g6 38. Qh6+ 1-0